Politics in North America : Redefining Continental Relations /

Estudio de política comparada que analiza las múltiples relaciones políticas, económicas, sociales y culturales entre México, Estados Unidos y Canadá hacia finales del siglo XX y principios del XXI, no sin antes plantear sobre sus raíces históricas como el legado del colonialismo europeo, la constru...

Descripció completa

Guardat en:
Dades bibliogràfiques
Autor principal: Abu-Laban, Yasmeen (edición)
Altres autors: Jhappan, Radha (edición) (edición), Rocher, Francois (edición) (edición)
Format: Llibre
Idioma:anglès
Publicat: Ontario, Canadá : Broadview, 2007, c2007
Matèries:
Accés en línia:Ver documento en línea
Etiquetes: Afegir etiqueta
Sense etiquetes, Sigues el primer a etiquetar aquest registre!

MARC

LEADER 00000nam^a2200000^a^4500
001 000410473
005 20251023000000.0
009 20260310122048.131
020 |a 978-1-44260-438-4 
037 |a Acervo ITESO - Biblioteca 
041 |a ING 
082 |a 320. 970053  |b ABU 
100 |a Abu-Laban, Yasmeen  |e (edición) 
245 1 0 |a Politics in North America :  |b Redefining Continental Relations /  |c Ed. de Y. Abu-Laban, R. Jhappan, F. Rocher. 
264 4 |a Ontario, Canadá :  |b Broadview,  |c 2007, c2007 
264 2 |a Birmingham, EUA :  |b EBSCOhost [distribución],  |c 2007 
300 |a 1 libro electrónico en línea (502 p.) 
300 |a 1 recurso en línea 
336 |a datos para computadora  |b cod  |2 rdacontenido 
337 |a computadora  |b c  |2 rdamedio 
338 |a recurso en línea  |b cr  |2 rdasoporte 
506 1 |a 1 licencia 
520 |a Estudio de política comparada que analiza las múltiples relaciones políticas, económicas, sociales y culturales entre México, Estados Unidos y Canadá hacia finales del siglo XX y principios del XXI, no sin antes plantear sobre sus raíces históricas como el legado del colonialismo europeo, la construcción de la nación y los inicios del desarrollo económico de América del Norte. 
521 |a Peticiones 2019 
649 |a XX 
650 |a Instituciones Políticas -  |z América del Norte 
650 |a Tratado de Libre Comercio -  |z México-EUA-Canadá 
650 |a Seguridad Nacional -  |z América del Norte 
650 |a Derechos Humanos -  |z América del Norte 
650 |a Política Ambiental -  |z América del Norte 
650 |a Política Migratoria -  |z América del Norte 
650 |a Política Cultural -  |z América del Norte 
650 |a Política Social -  |z América del Norte 
650 |a Políticas Públicas -  |z América del Norte 
650 |a Globalización 
650 |a Desarrollo Económico-Social -  |z América del Norte 
650 |a Relaciones Internacionales -  |z México-EUA-Canadá -  |x Tema Principal 
650 |a Política -  |z México -  |x Historia -  |y Siglo XX 
650 |a Política -  |z México -  |x Historia -  |y Siglo XXI 
650 |a Política -  |z EUA -  |x Historia -  |y Siglo XX 
650 |a Política -  |z EUA -  |x Historia -  |y Siglo XXI 
650 |a Política -  |z Canadá -  |x Historia -  |y Siglo XX 
650 |a Política -  |z Canadá -  |x Historia -  |y Siglo XXI 
650 |a Política -  |z América del Norte -  |x Historia -  |y Siglo XX 
650 |a Política -  |z América del Norte -  |x Historia -  |y Siglo XXI 
650 |a Política -  |z América del Norte -  |x Historia -  |x Tema Principal 
650 |a América del Norte -  |x Historia -  |y Epoca Colonial 
650 |a América del Norte -  |x Historia -  |y Siglo XX 
650 |a América del Norte -  |x Historia -  |y Siglo XXI 
700 |a Jhappan, Radha  |e (edición) 
700 |a Rocher, Francois  |e (edición) 
856 4 0 |u https://ezproxy.iteso.mx/login?url=https://search.ebscohost.com/login.aspx?direct=true&scope=site&db=nlebk&db=nlabk&AN=1565374  |y Ver documento en línea 
910 |a Fondo General 
920 |a Electrónicos - Libros en Línea 
930 |a Plataforma Digital 
905 |a 205 
901 |a 410473  |b IT2  |c EBO  |i C164924  |u 20250521 
902 |a https://opac.biblio.iteso.mx/vufind/Record/000410473